| 000 | 00808nam a2200241 a 4500 | ||
|---|---|---|---|
| 001 | BRCA_6799 | ||
| 005 | 20190320205609.0 | ||
| 008 | 031111s1897----gw-#######---#000-0#eng-# | ||
| 041 | _aeng | ||
| 044 | _agw | ||
| 050 | 4 |
_aPZ3 _b.B75 16 1897 |
|
| 100 | 1 |
_aKipling, Rudyard _d1865-1936 _916069 |
|
| 245 | 1 | 0 |
_aThe second jungle book _cby Rudyard Kipling. |
| 260 |
_aLeipzig, Alemania _bBernhard Tauchnitz _c1897 |
||
| 300 |
_a286 p. _c16 cm. |
||
| 440 | 0 |
_aCollection of British authors. Tauchnitz edition _vv. 3181 _916952 |
|
| 500 | _aVer también CEF6, H144, L2, L15, L16, L17, L18, L19, L20, L22, L23, L24, L25, L26, L27, L32, L166, N11, N12, N13 y N17. | ||
| 500 | _aN9 | ||
| 650 | 1 | 4 |
_aAnimales de la selva _xFicción _916953 |
| 650 | 1 | 4 |
_aLiteratura inglesa _916954 |
| 902 | _aGFM | ||
| 942 |
_2lcc _cB |
||
| 999 |
_c6482 _d6482 |
||